[Event "Macieja Memorial"]
[Site "Warsaw POL"]
[Date "2024.07.08"]
[Round "1.35"]
[White "Mulawa, Cyprian"]
[Black "Gozdzikowski, Franciszek"]
[Result "1-0"]
[WhiteElo "2178"]
[BlackElo "1726"]
[EventDate "2024.07.08"]
[PlyCount "141"]

1.Nf3 Nf6 2.c4 g6 3.Nc3 Bg7 4.e4 d6 5.d4 O-O 6.Be2 e5 7.O-O Bg4 8.d5 a5 9.Be3 
Na6 10.Nd2 Bxe2 11.Qxe2 Nc5 12.f3 Nh5 13.Nb3 b6 14.Rfd1 f5 15.exf5 gxf5 16.f4 
Nxf4 17.Bxf4 exf4 18.Nd4 Qg5 19.Nf3 Qg6 20.Qd2 Bh6 21.Re1 Rae8 22.Nb5 Ne4 
23.Qc2 Qg7 24.Nbd4 Nc5 25.Nxf5 Qg6 26.Ne7+ Rxe7 27.Qxg6+ hxg6 28.Rxe7 Rf7 
29.Rae1 Kf8 30.Re8+ Kg7 31.R1e7 Nd3 32.b3 Nc1 33.Rxf7+ Kxf7 34.Rc8 Nxa2 
35.Rxc7+ Kf6 36.Rc6 Bf8 37.Rxb6 Nc1 38.Nd4 Ke5 39.Ne6 Be7 40.Rb5 g5 41.Rxa5 
Nxb3 42.Ra7 Nd2 43.Rxe7 Nxc4 44.Nxg5+ Kxd5 45.Nh3 Kc5 46.Rc7+ Kd4 47.Rxc4+ Kxc4 
48.Nxf4 d5 49.Kf2 Kd4 50.Ke2 Ke4 51.Nd3 d4 52.g4 Kd5 53.h4 Ke6 54.Kf3 Kf6 
55.Ke4 Kg6 56.Kxd4 Kh6 57.Ke5 Kg6 58.Nf4+ Kh6 59.g5+ Kg7 60.Kf5 Kh7 61.h5 Kg7 
62.h6+ Kh7 63.Kf6 Kg8 64.g6 Kh8 65.Ne6 Kg8 66.Nd8 Kf8 67.Nf7 Ke8 68.Ke6 Kf8 
69.h7 Kg7 70.h8=Q+ Kxg6 71.Qh6# 1-0

[Event "Macieja Memorial"]
[Site "Warsaw POL"]
[Date "2024.07.08"]
[Round "1.36"]
[White "Koralczyk, Aleksander"]
[Black "Mickiewicz, Piotr"]
[Result "0-1"]
[WhiteElo "1718"]
[BlackElo "2168"]
[EventDate "2024.07.08"]
[PlyCount "112"]

1.e4 Nc6 2.d4 d5 3.exd5 Qxd5 4.Nf3 e5 5.Nc3 Bb4 6.Bd2 Bxc3 7.Bxc3 e4 8.Nd2 Nf6 
9.Bc4 Qg5 10.Qe2 Qxg2 11.O-O-O Bg4 12.Qf1 Qxf1 13.Rdxf1 O-O-O 14.Nb3 Nd5 15.Bd2 
g6 16.c3 a6 17.Nc5 Bf3 18.Rhg1 Na5 19.Bxd5 Rxd5 20.Bg5 Nc6 21.Bf6 Re8 22.Rg3 a5 
23.Re1 Rf5 24.Bg5 b6 25.Nb3 f6 26.Be3 Bh5 27.Nd2 Rd5 28.c4 Rd7 29.Nb3 Nb4 
30.Kd2 Nxa2 31.c5 Nb4 32.cxb6 cxb6 33.Rc1+ Kb7 34.Rc3 Nd5 35.Rc4 Rc8 36.Rxc8 
Kxc8 37.Rg1 Kb7 38.Rc1 Rc7 39.Rxc7+ Kxc7 40.Nc1 b5 41.Nb3 a4 42.Nc5 Bf3 43.Ne6+ 
Kd6 44.Nc5 g5 45.Nb7+ Ke7 46.Nc5 h5 47.Nb7 h4 48.Nc5 Kf7 49.Nb7 b4 50.Nc5 a3 
51.bxa3 bxa3 52.Kc2 Nxe3+ 53.fxe3 g4 54.Nb3 g3 55.hxg3 hxg3 56.Kd2 g2 0-1

[Event "Macieja Memorial"]
[Site "Warsaw POL"]
[Date "2024.07.08"]
[Round "1.37"]
[White "Rekuc, Patryk"]
[Black "Kuznik, Kamil"]
[Result "1-0"]
[WhiteElo "2131"]
[BlackElo "1717"]
[EventDate "2024.07.08"]
[PlyCount "59"]

1.d4 Nf6 2.c4 g6 3.Nc3 d5 4.cxd5 Nxd5 5.g3 Bg7 6.Bg2 c6 7.Nf3 O-O 8.O-O Nd7 
9.e4 Nxc3 10.bxc3 c5 11.Be3 cxd4 12.cxd4 b6 13.Re1 Bb7 14.Qd3 Nf6 15.Nd2 Ng4 
16.Nb3 Nxe3 17.Qxe3 Rc8 18.Rad1 Qd7 19.h4 Rfd8 20.Kh2 Qa4 21.Rd2 e5 22.d5 Bf8 
23.f4 Bb4 24.fxe5 Bxd2 25.Qxd2 Qc4 26.Qf4 Re8 27.Rf1 Qc7 28.d6 Qc4 29.Nd2 Qe6 
30.Bh3 1-0

[Event "Macieja Memorial"]
[Site "Warsaw POL"]
[Date "2024.07.08"]
[Round "1.38"]
[White "Gronkowski, Dariusz"]
[Black "Mizzi, Jack"]
[Result "0-1"]
[WhiteElo "1712"]
[BlackElo "2127"]
[EventDate "2024.07.08"]
[PlyCount "40"]

1.Nc3 e5 2.e4 Nc6 3.Bc4 Nf6 4.d3 h6 5.Nf3 Bc5 6.Na4 Be7 7.O-O O-O 8.Nc3 Bc5 
9.a3 a6 10.b4 Ba7 11.Bb2 d6 12.h3 Be6 13.Bxe6 fxe6 14.Kh1 Qe8 15.Ne2 Nh5 16.Qd2 
Rxf3 17.gxf3 Qf7 18.Ng1 Nf4 19.Ne2 Nxh3 20.Bc1 Ng5 0-1

[Event "Macieja Memorial"]
[Site "Warsaw POL"]
[Date "2024.07.08"]
[Round "1.39"]
[White "Krzywda, Andrzej"]
[Black "Spicak, Krzysztof"]
[Result "1-0"]
[WhiteElo "2123"]
[BlackElo "1708"]
[EventDate "2024.07.08"]
[PlyCount "121"]

1.e4 e5 2.Nf3 Nc6 3.Bb5 g6 4.d4 exd4 5.Bg5 Be7 6.Bxe7 Qxe7 7.O-O Nf6 8.e5 Nh5 
9.c3 dxc3 10.Nxc3 O-O 11.Nd5 Qd8 12.g4 Ng7 13.Nf6+ Kh8 14.Qd2 Nxe5 15.Qf4 Nxf3+ 
16.Qxf3 c6 17.Bd3 d5 18.Rae1 Qd6 19.g5 Bf5 20.Bxf5 Nxf5 21.Qh3 h5 22.Nxh5 gxh5 
23.Qxf5 Qg6 24.Qf4 Rae8 25.h4 f6 26.Qg3 fxg5 27.hxg5 Rg8 28.f4 Qc2 29.Qh3 Qg6 
30.Kh1 Rgf8 31.Rxe8 Qxe8 32.f5 Qe4+ 33.Kg1 Qg4+ 34.Qxg4 hxg4 35.Kg2 Kg7 36.Kg3 
Re8 37.Kxg4 Re2 38.Rh1 Rxb2 39.f6+ Kg6 40.Rh6+ Kf7 41.Rh7+ Ke6 42.Re7+ Kd6 
43.Re3 Rg2+ 44.Kf5 d4 45.Rd3 c5 46.g6 Kd5 47.f7 Rf2+ 48.Kg5 c4 49.Rd1 d3 50.g7 
c3 51.f8=Q Rxf8 52.gxf8=Q d2 53.Qf3+ Kc4 54.Qe4+ Kc5 55.Qd3 Kb4 56.Rxd2 cxd2 
57.Qxd2+ Kb5 58.Qc3 a5 59.Kf5 b6 60.Ke5 a4 61.a3 1-0

[Event "Macieja Memorial"]
[Site "Warsaw POL"]
[Date "2024.07.08"]
[Round "1.40"]
[White "Rajlich, Vaclav"]
[Black "Skurniak, Szymon"]
[Result "0-1"]
[WhiteElo "1704"]
[BlackElo "2107"]
[EventDate "2024.07.08"]
[PlyCount "118"]

1.e4 c5 2.Nf3 d6 3.d4 cxd4 4.Nxd4 Nf6 5.Nc3 Nc6 6.Bg5 Qb6 7.Nb3 e6 8.Be2 Be7 
9.O-O a6 10.Be3 Qc7 11.f4 b5 12.Bf3 Bb7 13.a3 O-O 14.Qe1 b4 15.axb4 Nxb4 16.Qf2 
d5 17.exd5 Nfxd5 18.Nxd5 Nxd5 19.Bd4 Rfc8 20.c3 Bf6 21.Bxd5 Bxd4 22.Nxd4 Bxd5 
23.f5 e5 24.Nc2 f6 25.Ne3 Bf7 26.Rad1 Rd8 27.Qf3 a5 28.g4 Rxd1 29.Rxd1 Rd8 
30.h4 a4 31.c4 h5 32.g5 Rxd1+ 33.Qxd1 fxg5 34.hxg5 Qe7 35.f6 gxf6 36.Nf5 Qc5+ 
37.Kh2 Qxc4 38.Nh6+ Kh7 39.Nxf7 Qxf7 40.gxf6 Kg6 41.Qd3+ Kxf6 42.Qf3+ Kg7 
43.Qg3+ Kf6 44.Qf3+ Ke7 45.Qb7+ Kf8 46.Qb8+ Qe8 47.Qb4+ Kg7 48.Qb7+ Kh6 49.Qe4 
Qe7 50.Qxa4 Qc7 51.Qb3 e4+ 52.Kg2 Qg7+ 53.Kf2 Qf6+ 54.Ke2 h4 55.Qe3+ Kh5 
56.Qxe4 Qxb2+ 57.Kd3 Qb1+ 58.Ke3 Qxe4+ 59.Kxe4 Kg4 0-1

[Event "Macieja Memorial"]
[Site "Warsaw POL"]
[Date "2024.07.08"]
[Round "1.41"]
[White "Smal, Tobiasz"]
[Black "Spytek, Hubert"]
[Result "1-0"]
[WhiteElo "2104"]
[BlackElo "1704"]
[EventDate "2024.07.08"]
[PlyCount "63"]

1.c4 Nf6 2.Nc3 d5 3.cxd5 Nxd5 4.g3 g6 5.Bg2 c6 6.d4 Bg7 7.e4 Nxc3 8.bxc3 c5 
9.Be3 Qa5 10.Qd2 Nc6 11.Ne2 O-O 12.O-O cxd4 13.Nxd4 Nxd4 14.Bxd4 Rd8 15.Qe3 Be6 
16.Rfd1 Bc4 17.h4 Qa4 18.Rd2 Bxd4 19.cxd4 b5 20.h5 Qa6 21.h6 Rd7 22.d5 Qd6 
23.e5 Qb6 24.Qc3 e6 25.dxe6 Rxd2 26.Qxd2 Rd8 27.e7 Re8 28.Qd6 Qa5 29.Bc6 Rc8 
30.e8=Q+ Rxe8 31.Bxe8 Qc3 32.Rd1 1-0

[Event "Macieja Memorial"]
[Site "Warsaw POL"]
[Date "2024.07.08"]
[Round "1.42"]
[White "Sliwicka, Weronika"]
[Black "Padalka, Artem"]
[Result "0-1"]
[WhiteElo "1702"]
[BlackElo "2101"]
[EventDate "2024.07.08"]
[PlyCount "63"]

1.e4 c5 2.Nf3 d6 3.d4 cxd4 4.Nxd4 Nf6 5.Nc3 g6 6.Be2 Bg7 7.Nb3 Nc6 8.O-O O-O 
9.Be3 Be6 10.f3 d5 11.e5 Nxe5 12.Bd4 Nc6 13.Kh1 Nxd4 14.Nxd4 Bc8 15.Bb5 e5 
16.Nb3 d4 17.Ne4 Nd5 18.Re1 Ne3 19.Qd3 a6 20.Bc4 b5 21.Bd5 Nxd5 22.Nec5 Bf5 
23.Ne4 Rc8 24.Qd2 Ne3 25.c3 Bxe4 26.fxe4 Nc4 27.Qe2 d3 28.Qf2 Bh6 29.Red1 d2 
30.Qe2 Nxb2 31.Rf1 Rxc3 32.Rab1 0-1

[Event "Macieja Memorial"]
[Site "Warsaw POL"]
[Date "2024.07.08"]
[Round "1.43"]
[White "Goraj, Barbara"]
[Black "Wroblewski, Karol"]
[Result "1-0"]
[WhiteElo "2095"]
[BlackElo "1697"]
[EventDate "2024.07.08"]
[PlyCount "69"]

1.e4 b6 2.d4 Bb7 3.Nc3 g6 4.Be3 Bg7 5.Qd2 d6 6.f3 Nd7 7.O-O-O e5 8.d5 Qe7 9.Kb1 
O-O-O 10.Nb5 Kb8 11.Qc3 Nc5 12.Ne2 f5 13.Bxc5 dxc5 14.Nc1 fxe4 15.fxe4 Nf6 
16.Bd3 Ng4 17.Rdf1 Rhf8 18.h3 Nf2 19.Rhg1 Nxd3 20.Nxd3 Rxf1+ 21.Rxf1 Rf8 22.Rd1 
a6 23.Na3 Bxd5 24.exd5 e4 25.Qc4 exd3 26.Qxd3 Qe5 27.c3 Re8 28.Qxa6 Qf5+ 29.Ka1 
Qf2 30.Nb5 Qxb2+ 31.Kxb2 Re2+ 32.Kb1 Rb2+ 33.Kxb2 Bxc3+ 34.Kxc3 c4 35.Qa7+ 1-0

[Event "Macieja Memorial"]
[Site "Warsaw POL"]
[Date "2024.07.08"]
[Round "1.44"]
[White "Kwiecinski, Rafal"]
[Black "Szczotka, Klara"]
[Result "0-1"]
[WhiteElo "1696"]
[BlackElo "2093"]
[EventDate "2024.07.08"]
[PlyCount "46"]

1.e4 c6 2.d4 d5 3.e5 Bf5 4.Nf3 e6 5.Bd3 Bxd3 6.Qxd3 Nd7 7.O-O c5 8.c3 Ne7 9.Bg5 
h6 10.Bh4 Qb6 11.Bxe7 Bxe7 12.b3 a5 13.Nbd2 O-O 14.Rab1 Rfc8 15.h4 Qc7 16.g4 
Nf8 17.g5 h5 18.Nh2 cxd4 19.cxd4 Qc2 20.Qe3 Rc3 21.Qf4 Ng6 22.Rbc1 Qxc1 23.Rxc1 
Rxc1+ 0-1

[Event "Macieja Memorial"]
[Site "Warsaw POL"]
[Date "2024.07.08"]
[Round "1.45"]
[White "Nesterenko, Kyrylo"]
[Black "Oles, Jan"]
[Result "1-0"]
[WhiteElo "2091"]
[BlackElo "1696"]
[EventDate "2024.07.08"]
[PlyCount "31"]

1.d4 d5 2.c4 e6 3.Nc3 Nf6 4.cxd5 exd5 5.Bg5 c6 6.e3 Bd6 7.Bd3 Qc7 8.Rc1 Bb4 
9.Bxf6 Bxc3+ 10.Rxc3 gxf6 11.Ne2 Bg4 12.f3 Bh5 13.Nf4 Qa5 14.Nxh5 Qxa2 15.Qc1 
Ke7 16.Ra3 1-0

[Event "Macieja Memorial"]
[Site "Warsaw POL"]
[Date "2024.07.08"]
[Round "1.46"]
[White "Pieczek, Magdalena"]
[Black "Janeczko, Jakub"]
[Result "0-1"]
[WhiteElo "1688"]
[BlackElo "2084"]
[EventDate "2024.07.08"]
[PlyCount "82"]

1.d4 Nf6 2.c4 c5 3.Nf3 cxd4 4.Nxd4 e5 5.Nb3 d5 6.cxd5 Qxd5 7.Qxd5 Nxd5 8.e4 Nb4 
9.Na3 N8c6 10.Bd2 Be6 11.Bb5 O-O-O 12.Bxc6 Nxc6 13.Rc1 Kb8 14.Bc3 Bxa3 15.bxa3 
Bc4 16.Na5 Nxa5 17.Bxa5 Rd4 18.f3 f6 19.Kf2 Bxa2 20.Rc2 Be6 21.Rhc1 b6 22.Bb4 
Rc8 23.Rxc8+ Bxc8 24.Rc2 a5 25.Bc3 Ra4 26.Bb2 Kb7 27.Ke3 Be6 28.Rd2 Kc7 29.h3 
b5 30.Rc2+ Bc4 31.Rc3 Kc6 32.Kd2 Kc5 33.Bc1 b4 34.axb4+ axb4 35.Rc2 b3 36.Rb2 
Kd4 37.Kd1 Kc3 38.Rf2 Ra2 39.Bd2+ Kd3 40.Kc1 Rc2+ 41.Kd1 b2 0-1

[Event "Macieja Memorial"]
[Site "Warsaw POL"]
[Date "2024.07.08"]
[Round "1.47"]
[White "Czajkowski, Adam"]
[Black "Urych, Krzysztof"]
[Result "1-0"]
[WhiteElo "2084"]
[BlackElo "1687"]
[EventDate "2024.07.08"]
[PlyCount "91"]

1.e4 c5 2.Nf3 Nc6 3.d4 cxd4 4.Nxd4 Nf6 5.Nc3 d6 6.Bg5 Bd7 7.Qd2 e6 8.O-O-O a6 
9.f3 Be7 10.g4 h6 11.Be3 Nxd4 12.Bxd4 Qc7 13.h4 b5 14.Rg1 b4 15.Ne2 e5 16.Be3 
a5 17.g5 hxg5 18.hxg5 Nh5 19.g6 Be6 20.gxf7+ Bxf7 21.Kb1 Rb8 22.Ng3 Nxg3 
23.Rxg3 Bf6 24.Qxd6 Qxd6 25.Rxd6 Ke7 26.Bc5 Rh1 27.Rd1+ Ke8 28.Be3 Rh8 29.Bh3 
Rd8 30.Rxd8+ Kxd8 31.Bb6+ Ke7 32.Bxa5 Be6 33.Bxb4+ Ke8 34.Bg2 Kf7 35.f4 exf4 
36.Rf3 Be5 37.Bc3 Bxc3 38.Rxf4+ Bf6 39.e5 Rh2 40.Bf1 Bh3 41.exf6 gxf6 42.Bxh3 
Rxh3 43.a4 Ke6 44.a5 Rh5 45.Ra4 Kd6 46.a6 1-0

[Event "Macieja Memorial"]
[Site "Warsaw POL"]
[Date "2024.07.08"]
[Round "1.48"]
[White "Khromov, Nazar"]
[Black "Terkiewicz, Bruno"]
[Result "0-1"]
[WhiteElo "1686"]
[BlackElo "2084"]
[EventDate "2024.07.08"]
[PlyCount "126"]

1.e4 c6 2.d4 d5 3.exd5 cxd5 4.Bd3 Nc6 5.c3 Qc7 6.Nf3 Bg4 7.h3 Bh5 8.O-O e6 
9.Nbd2 Bd6 10.Qb3 Nf6 11.Re1 O-O 12.a4 a6 13.Be2 Rab8 14.Nf1 b5 15.Qd1 Bg6 
16.Bd3 Rfc8 17.axb5 axb5 18.Bxg6 hxg6 19.Ne3 Na5 20.Qe2 b4 21.Bd2 Nb3 22.Rad1 
Nxd2 23.Qxd2 bxc3 24.Qxc3 Qxc3 25.bxc3 Rxc3 26.Rc1 Rbc8 27.Red1 Bf4 28.Rxc3 
Rxc3 29.Re1 Bxe3 30.Rxe3 Rxe3 31.fxe3 Ne4 32.Nh2 Kf8 33.Kf1 Ke7 34.Ng4 f6 
35.Ke2 Kd6 36.Nh2 Kc6 37.Nf3 Kb5 38.Nh2 Kc4 39.Nf1 Kc3 40.Nh2 Ng3+ 41.Kf3 Nf5 
42.g4 Nd6 43.Nf1 Kd3 44.Ng3 Nc4 45.Nf1 Nd2+ 46.Nxd2 Kxd2 47.Kf2 e5 48.dxe5 fxe5 
49.Kf3 Kd3 50.Kf2 Ke4 51.Ke2 g5 52.Kf2 Kd3 53.Kf3 e4+ 54.Kf2 Kd2 55.Kf1 Kxe3 
56.Ke1 d4 57.Kd1 d3 58.Ke1 Kf3 59.Kd2 Kf4 60.Ke1 e3 61.Kd1 Kg3 62.Ke1 Kxh3 
63.Kd1 Kxg4 0-1

[Event "Macieja Memorial"]
[Site "Warsaw POL"]
[Date "2024.07.08"]
[Round "1.49"]
[White "Fiszer, Bartosz"]
[Black "Wojtas, Jan"]
[Result "1-0"]
[WhiteElo "2080"]
[BlackElo "1676"]
[EventDate "2024.07.08"]
[PlyCount "51"]

1.c4 Nf6 2.Nc3 e6 3.e4 d5 4.cxd5 exd5 5.e5 d4 6.exf6 dxc3 7.Bc4 Qxf6 8.dxc3 Bc5 
9.Qe2+ Qe7 10.Bf4 Qxe2+ 11.Nxe2 Bb6 12.O-O O-O 13.b4 a5 14.a3 Nc6 15.Rfd1 Bg4 
16.h3 Bh5 17.b5 Nd8 18.g4 Bg6 19.Nd4 Re8 20.Re1 Kf8 21.Rxe8+ Kxe8 22.Re1+ Kf8 
23.a4 Rc8 24.Kg2 c6 25.Bd6+ Kg8 26.Re8# 1-0

[Event "Macieja Memorial"]
[Site "Warsaw POL"]
[Date "2024.07.08"]
[Round "1.51"]
[White "Sliwicki, Damian"]
[Black "Hartman, Aleksander"]
[Result "1-0"]
[WhiteElo "2058"]
[BlackElo "1671"]
[EventDate "2024.07.08"]
[PlyCount "65"]

1.e4 e5 2.Nf3 Nf6 3.Nxe5 Nc6 4.Nf3 Nxe4 5.d4 d5 6.Bd3 Bd6 7.h3 O-O 8.O-O Qf6 
9.Nc3 Nxc3 10.bxc3 Be6 11.Bg5 Be7 12.Bxf6 Bxf6 13.Rb1 b6 14.Re1 Na5 15.Ne5 c5 
16.dxc5 bxc5 17.Rb5 Bxe5 18.Rxe5 Nc6 19.Rh5 g6 20.Rh4 c4 21.Bf1 Ne7 22.Qd2 Nf5 
23.Rf4 a6 24.Rxd5 Bxd5 25.Qxd5 Rad8 26.Qxc4 Rd1 27.g3 Re8 28.Kg2 Ree1 29.Rxf5 
gxf5 30.Bd3 Rg1+ 31.Kf3 Rd2 32.Qc8+ Kg7 33.Qxf5 1-0

[Event "Macieja Memorial"]
[Site "Warsaw POL"]
[Date "2024.07.08"]
[Round "1.52"]
[White "Pomykala, Maciej"]
[Black "Zebracki, Tomasz"]
[Result "0-1"]
[WhiteElo "1671"]
[BlackElo "2048"]
[EventDate "2024.07.08"]
[PlyCount "127"]

1.e4 c6 2.Bc4 d5 3.exd5 cxd5 4.Bb3 Nc6 5.Nf3 Nf6 6.O-O Bg4 7.h3 Bh5 8.g4 Bg6 
9.d3 e6 10.Re1 Be7 11.Nc3 O-O 12.Bg5 h6 13.Bh4 Re8 14.Qd2 a6 15.Ne2 Na5 16.Nf4 
Nxb3 17.axb3 Bh7 18.g5 Nd7 19.g6 Bxh4 20.gxh7+ Kxh7 21.Nh5 Be7 22.d4 Nf6 
23.Qd3+ Kg8 24.Ng3 Bd6 25.Kg2 Bxg3 26.fxg3 Ne4 27.h4 Qc7 28.Ne5 Rac8 29.c3 Nf6 
30.Rf1 Rf8 31.Qe2 Nd7 32.Ng4 Rce8 33.Rf2 f5 34.Nh2 Nf6 35.Nf3 Ne4 36.Ne5 Nxf2 
37.Qxf2 Rf6 38.Qf4 Re7 39.Re1 Qb6 40.b4 a5 41.bxa5 Qxb2+ 42.Kh3 Qxc3 43.Re3 
Qxa5 44.Rb3 Qc7 45.h5 Re8 46.Ng6 Qxf4 47.gxf4 Rb8 48.Rb6 Kf7 49.Ne5+ Ke8 50.Ng6 
Kd8 51.Ne5 Kc7 52.Rb5 b6 53.Nd3 Kc6 54.Rb3 b5 55.Nb4+ Kb6 56.Rc3 Rff8 57.Rc6+ 
Kb7 58.Rxe6 Rbc8 59.Nxd5 Rfd8 60.Ne7 Rc3+ 61.Kg2 Rxd4 62.Nxf5 Rd2+ 63.Kf1 Rc1+ 
64.Re1 0-1

[Event "Macieja Memorial"]
[Site "Warsaw POL"]
[Date "2024.07.08"]
[Round "1.53"]
[White "Alvarado, Carlos"]
[Black "Paziewski, Marcin"]
[Result "1-0"]
[WhiteElo "2040"]
[BlackElo "1659"]
[EventDate "2024.07.08"]
[PlyCount "129"]

1.Nf3 Nf6 2.b3 g6 3.Bb2 Bg7 4.c4 e6 5.g3 O-O 6.Bg2 d5 7.O-O c6 8.d3 Nbd7 9.Qc2 
b6 10.Nbd2 Bb7 11.Rac1 Rc8 12.Rfd1 Qe7 13.Ne5 Nxe5 14.Bxe5 dxc4 15.Nxc4 Rfd8 
16.Qb2 Ne8 17.Bxg7 Nxg7 18.Ne5 c5 19.Bxb7 Qxb7 20.Ng4 f5 21.Ne5 Rd5 22.Nc4 Rcd8 
23.b4 cxb4 24.Qxb4 Qd7 25.Ne3 Rd4 26.Qb3 f4 27.Nc2 fxg3 28.hxg3 Rd5 29.Ne3 Rd4 
30.Rc4 Rxc4 31.Qxc4 Qd4 32.Qc7 Rd7 33.Qc8+ Rd8 34.Qa6 Qf6 35.Qxa7 Nf5 36.Ng4 
Qg5 37.Qc7 Rd4 38.Nh2 Nh4 39.Qb8+ Kg7 40.Kf1 Nf5 41.Nf3 Qh5 42.Qe5+ Kf7 43.Ke1 
Qh1+ 44.Kd2 Qh6+ 45.e3 Rd5 46.Qf4 Qxf4 47.exf4 Nd4 48.Ne5+ Kf6 49.Rb1 Rb5 
50.Rxb5 Nxb5 51.Nf3 Kf5 52.Ke3 Kg4 53.Ne5+ Kh3 54.Kf3 Nd4+ 55.Ke3 Nf5+ 56.Kf3 
Nd4+ 57.Ke3 Nf5+ 58.Ke2 Nd4+ 59.Kf1 b5 60.Nd7 b4 61.Nf6 h5 62.Ne4 Nc6 63.f3 Ne7 
64.Kf2 Nd5 65.Ng5+ 1-0

[Event "Macieja Memorial"]
[Site "Warsaw POL"]
[Date "2024.07.08"]
[Round "1.54"]
[White "Nocek, Dominik"]
[Black "Chmiel, Marcin"]
[Result "0-1"]
[WhiteElo "1656"]
[BlackElo "2038"]
[EventDate "2024.07.08"]
[PlyCount "124"]

1.e4 e5 2.Nf3 Nc6 3.Bb5 Nf6 4.O-O Nxe4 5.Re1 Nd6 6.Nxe5 Be7 7.Bf1 Nxe5 8.Rxe5 
O-O 9.d4 Bf6 10.Re1 Re8 11.c3 Rxe1 12.Qxe1 Ne8 13.Nd2 d5 14.Nf3 Bf5 15.Bf4 Nd6 
16.Ne5 Qe7 17.f3 Re8 18.Qf2 h5 19.Re1 Qd8 20.Bd3 Bxd3 21.Nxd3 Rxe1+ 22.Qxe1 b6 
23.Ne5 Qe8 24.Kf2 Bxe5 25.Qxe5 Qxe5 26.Bxe5 Ne8 27.Ke3 f6 28.Bg3 Kf7 29.h4 Ke6 
30.b4 b5 31.Kf4 Nd6 32.Bh2 Nc4 33.Kg3 Kf5 34.Kf2 c6 35.Ke2 Nb2 36.Kd2 Na4 
37.Kd3 a6 38.Kc2 Nb6 39.Kd3 Nc4 40.Ke2 g5 41.hxg5 fxg5 42.Kd3 g4 43.fxg4+ Kxg4 
44.Ke2 h4 45.Kd3 Nb6 46.Ke2 Nd7 47.Kd3 Nf6 48.Ke3 Ne4 49.Kd3 h3 50.gxh3+ Kxh3 
51.Be5 Kg4 52.Kc2 Kf3 53.Bh8 Ke3 54.Bg7 Ke2 55.Bh8 Ng3 56.Be5 Nf1 57.Bh8 Ne3+ 
58.Kb3 Kd3 59.Be5 Nd1 60.a4 Nxc3 61.axb5 axb5 62.Bg7 Ne2 0-1

[Event "Macieja Memorial"]
[Site "Warsaw POL"]
[Date "2024.07.08"]
[Round "1.55"]
[White "Starosta, Martyna"]
[Black "Wojtacha, Krzysztof"]
[Result "1-0"]
[WhiteElo "2037"]
[BlackElo "1656"]
[EventDate "2024.07.08"]
[PlyCount "47"]

1.e4 c5 2.Nf3 Nc6 3.d4 cxd4 4.Nxd4 Nf6 5.Nc3 e5 6.Ndb5 d6 7.Bg5 a6 8.Na3 b5 
9.Bxf6 gxf6 10.Nd5 f5 11.g3 Rb8 12.Bg2 Bg7 13.Qh5 b4 14.Nc4 Nd4 15.O-O Nxc2 
16.Rac1 Nd4 17.Nce3 fxe4 18.Bxe4 Be6 19.Nc7+ Kf8 20.Ned5 f5 21.Nxe6+ Nxe6 
22.Qxf5+ Bf6 23.Qxe6 Kg7 24.Rc7+ 1-0

[Event "Macieja Memorial"]
[Site "Warsaw POL"]
[Date "2024.07.08"]
[Round "1.56"]
[White "Wiktorowski, Janusz"]
[Black "Pires, Emanuel Joao Robarts"]
[Result "0-1"]
[WhiteElo "1639"]
[BlackElo "2032"]
[EventDate "2024.07.08"]
[PlyCount "44"]

1.e4 e6 2.d4 d5 3.e5 c5 4.Nf3 cxd4 5.Nxd4 Bd7 6.Bd3 Bc5 7.c3 Ne7 8.O-O Nbc6 
9.f4 Nxd4 10.cxd4 Bxd4+ 11.Kh1 Qb6 12.Nc3 Rc8 13.Bd2 Qxb2 14.Rb1 Qa3 15.Bb5 
Bxc3 16.Bxd7+ Kxd7 17.Rxb7+ Ke8 18.Rb3 Qa5 19.Bxc3 Rxc3 20.Rf3 Rxf3 21.Rb8+ Kd7 
22.Rxh8 Re3 0-1

[Event "Macieja Memorial"]
[Site "Warsaw POL"]
[Date "2024.07.08"]
[Round "2.1"]
[White "Jedrusik, Adam"]
[Black "Kazakouski, Valery"]
[Result "0-1"]
[WhiteElo "1998"]
[BlackElo "2599"]
[EventDate "2024.07.08"]
[PlyCount "62"]

1.d4 Nf6 2.c4 e6 3.Nc3 Bb4 4.e3 b6 5.Ne2 Ba6 6.a3 Bxc3+ 7.Nxc3 d5 8.Qf3 O-O 
9.cxd5 exd5 10.Bxa6 Nxa6 11.O-O Re8 12.Rd1 c6 13.b4 Nc7 14.Bb2 Re6 15.Rac1 Qd7 
16.h3 h5 17.Qe2 a6 18.a4 Rae8 19.Qf1 h4 20.Ra1 Nh7 21.Qd3 Rg6 22.Kh1 Ng5 23.Kh2 
Qd6+ 24.Kh1 Qxb4 25.Ba3 Qc4 26.Qxc4 dxc4 27.Re1 Nd5 28.Nxd5 cxd5 29.Rab1 Ne4 
30.Kg1 Nd2 31.Rxb6 Rxb6 0-1

[Event "Macieja Memorial"]
[Site "Warsaw POL"]
[Date "2024.07.08"]
[Round "2.2"]
[White "Socko, Bartosz"]
[Black "Wiech, Grzegorz"]
[Result "1-0"]
[WhiteElo "2552"]
[BlackElo "1997"]
[EventDate "2024.07.08"]
[PlyCount "49"]

1.g3 d5 2.Bg2 c6 3.Nf3 Bf5 4.O-O e6 5.d4 Nf6 6.c4 Nbd7 7.Qb3 Qb6 8.c5 Qxb3 
9.axb3 e5 10.b4 exd4 11.Nxd4 Be4 12.Bh3 Be7 13.Nc3 Bg6 14.Bf4 O-O 15.Ra3 a6 
16.Nb3 Bd8 17.Rfa1 Rc8 18.Bd6 Re8 19.Na5 Bxa5 20.bxa5 Rcd8 21.Rb3 d4 22.Na4 
Rxe2 23.Rxb7 d3 24.Nc3 Rxb2 25.Rxb2 1-0

[Event "Macieja Memorial"]
[Site "Warsaw POL"]
[Date "2024.07.08"]
[Round "2.3"]
[White "Zurkowski, Andrzej"]
[Black "Piorun, Kacper"]
[Result "0-1"]
[WhiteElo "1993"]
[BlackElo "2528"]
[EventDate "2024.07.08"]
[PlyCount "92"]

1.d4 g6 2.c4 Bg7 3.Nc3 c5 4.e3 cxd4 5.exd4 Nf6 6.Nf3 O-O 7.Be2 b6 8.O-O Bb7 
9.h3 d5 10.Be3 Nbd7 11.Qb3 dxc4 12.Qxc4 e6 13.Rad1 a6 14.Qb3 Nd5 15.Bg5 Qb8 
16.Bh4 Ra7 17.Bg3 Qa8 18.Ne4 Nf4 19.Bxf4 Bxe4 20.a4 Nf6 21.Be5 Nh5 22.Bxg7 Kxg7 
23.Ne5 Bxg2 24.Rfe1 Nf4 25.Qg3 Nxe2+ 26.Rxe2 Bd5 27.Rc2 Qb8 28.Rdc1 f6 29.Ng4 
Qxg3+ 30.fxg3 Rd7 31.Ne3 Be4 32.Rc7 Rff7 33.Rxd7 Rxd7 34.Rc4 h5 35.Rb4 Rd6 
36.Kf2 Bd3 37.Rb3 Be4 38.h4 f5 39.Nc4 Rxd4 40.Nxb6 e5 41.Rc3 Rd2+ 42.Ke3 Rxb2 
43.Nc4 Rg2 44.Nxe5 Rxg3+ 45.Kd4 Rxc3 46.Kxc3 g5 0-1

[Event "Macieja Memorial"]
[Site "Warsaw POL"]
[Date "2024.07.08"]
[Round "2.4"]
[White "Kosakowski, Jakub"]
[Black "Patil, Harshal"]
[Result "1-0"]
[WhiteElo "2494"]
[BlackElo "1995"]
[EventDate "2024.07.08"]
[PlyCount "72"]

1.e4 c6 2.d4 d5 3.Nc3 dxe4 4.Nxe4 Nf6 5.Nxf6+ exf6 6.c3 Bd6 7.Bd3 O-O 8.Qc2 
Re8+ 9.Ne2 h5 10.Be3 Be6 11.O-O Qc7 12.h3 Nd7 13.c4 Nf8 14.c5 Be7 15.Nf4 g6 
16.Rfe1 f5 17.Rad1 Rad8 18.b4 Bf6 19.Bf1 Bd5 20.Nxd5 Rxd5 21.Bc4 Rd7 22.Qc1 
Rde7 23.d5 cxd5 24.Bxd5 Ne6 25.Bd2 a5 26.a3 axb4 27.axb4 b6 28.c6 b5 29.g3 Qd6 
30.Bg2 Qc7 31.Be3 Rc8 32.Qc2 Nd8 33.Bf4 Rxe1+ 34.Rxe1 Qb6 35.Re8+ Kg7 36.c7 Qa6 1-0

[Event "Macieja Memorial"]
[Site "Warsaw POL"]
[Date "2024.07.08"]
[Round "2.5"]
[White "Kazmierowski, Tymon"]
[Black "Markowski, Tomasz"]
[Result "0-1"]
[WhiteElo "1982"]
[BlackElo "2493"]
[EventDate "2024.07.08"]
[PlyCount "68"]

1.d4 Nf6 2.c4 e6 3.Nf3 b6 4.a3 Bb7 5.Nc3 d5 6.cxd5 Nxd5 7.e3 Be7 8.Qc2 Nxc3 
9.bxc3 Nd7 10.Bd3 c5 11.Qe2 O-O 12.O-O Qc7 13.Bb2 Rfd8 14.Rfd1 Rac8 15.Rac1 Nf8 
16.Ne5 Ng6 17.f4 Bf8 18.Qg4 f5 19.Qg3 Nxe5 20.fxe5 g6 21.Bc4 Qc6 22.Qf3 Kf7 
23.d5 exd5 24.Rxd5 Kg7 25.Rcd1 Qc7 26.e6 Bxd5 27.Bxd5 c4 28.e4 Qe5 29.exf5 Bc5+ 
30.Kh1 Qxf5 31.Qxf5 gxf5 32.Bf3 Rxd1+ 33.Bxd1 Kf6 34.Be2 b5 0-1

[Event "Macieja Memorial"]
[Site "Warsaw POL"]
[Date "2024.07.08"]
[Round "2.6"]
[White "Fridman, Daniel"]
[Black "Klim, Filip"]
[Result "1-0"]
[WhiteElo "2474"]
[BlackElo "1993"]
[EventDate "2024.07.08"]
[PlyCount "95"]

1.Nf3 d5 2.g3 Nf6 3.Bg2 e6 4.O-O Be7 5.c4 O-O 6.b3 d4 7.e3 c5 8.exd4 cxd4 9.Re1 
Nc6 10.Bb2 Re8 11.Ne5 Nxe5 12.Rxe5 Bd6 13.Bxd4 Bxe5 14.Bxe5 Qd3 15.Nc3 Rd8 
16.Nb5 Qxd2 17.Qxd2 Rxd2 18.Nc7 Rb8 19.Nxe6 Bxe6 20.Bxb8 a5 21.Bxb7 Ng4 22.Bf4 
Rb2 23.Rd1 h6 24.Rd2 Rb1+ 25.Kg2 g5 26.Bd6 a4 27.Bd5 axb3 28.axb3 Rxb3 29.Bxe6 
fxe6 30.h3 Nf6 31.Be5 Ne4 32.Rd4 Nc5 33.Rd8+ Kf7 34.Bd4 Ne4 35.Rd7+ Kg8 36.c5 
e5 37.c6 exd4 38.c7 Rc3 39.Rd8+ Kf7 40.c8=Q Rxc8 41.Rxc8 Kf6 42.Kf3 Nd2+ 43.Ke2 
Ne4 44.Rh8 d3+ 45.Ke3 d2 46.Rd8 Ke7 47.Rd4 Nd6 48.Kxd2 1-0

[Event "Macieja Memorial"]
[Site "Warsaw POL"]
[Date "2024.07.08"]
[Round "2.7"]
[White "Smetek, Michal"]
[Black "Peng, Li Min"]
[Result "0-1"]
[WhiteElo "1979"]
[BlackElo "2425"]
[EventDate "2024.07.08"]
[PlyCount "148"]

1.d4 Nf6 2.c4 e6 3.g3 d5 4.Nf3 Be7 5.Bg2 O-O 6.O-O Nbd7 7.Qc2 a5 8.Nbd2 c5 9.e4 
dxc4 10.Nxc4 b5 11.Nce5 Bb7 12.Nxd7 Qxd7 13.e5 Nd5 14.dxc5 Rfc8 15.Ng5 Bxg5 
16.Bxg5 h6 17.Bd2 Nb4 18.Bxb4 Bxg2 19.Kxg2 Qd5+ 20.Kg1 axb4 21.Rfd1 Qxe5 22.c6 
Ra6 23.Qb3 Raxc6 24.Qxb4 Rc2 25.a4 Rxb2 26.Qd4 Qxd4 27.Rxd4 Rcc2 28.Rf4 b4 
29.a5 e5 30.Rf5 f6 31.a6 Ra2 32.Rb1 Rcb2 33.Rxb2 Rxb2 34.Rf3 Ra2 35.Rb3 Rxa6 
36.Rxb4 Kf7 37.Kg2 h5 38.h4 Rc6 39.Ra4 Kg6 40.Rb4 Rc3 41.Ra4 Rb3 42.Rc4 Ra3 
43.Rb4 Kf5 44.Rc4 Ra2 45.Kf3 e4+ 46.Ke3 Ra3+ 47.Ke2 g5 48.hxg5 fxg5 49.Kf1 Ra2 
50.Rc3 Rd2 51.Kg2 Rd3 52.Rc2 Kg4 53.Ra2 h4 54.gxh4 gxh4 55.Ra4 h3+ 56.Kh2 Kf3 
57.Ra2 Rd1 58.Rb2 Rf1 59.Rb3+ Kf4 60.Kxh3 Rxf2 61.Rb8 Kf3 62.Rf8+ Ke2 63.Re8 e3 
64.Kg3 Rf3+ 65.Kg2 Rf7 66.Kg1 Rg7+ 67.Kh2 Kf2 68.Rf8+ Ke1 69.Re8 e2 70.Kh1 Rg5 
71.Kh2 Kf2 72.Rf8+ Ke3 73.Re8+ Kf3 74.Kh1 Rg4 0-1